=LDR 00000nam 2200000 4500 =001 INLIS000000000002531 =005 20250102021010 =035 ##$$a 0010-0125000010 =007 ta =008 250102###########################0#ind## =020 ##$$a 978-623-02-4758-3 =082 ##$$a 612.3 =084 ##$$a 612.3 TUT g =100 #$$a Tuti Meihartati =245 1#$$a Gizi Reproduksi : $b - /$c Tuti Meihartati, Lidia Widia, Imam Sukirman, Sumiati (Penulis) =250 ##$$a Cetakan Pertama =260 ##$$a Yogyakarta :$b Deepublish,$c 2022 =300 ##$$a 258 hlm : $b ilus ; $c 23 cm$e - =650 #4$$a Ilmu Gizi =700 #$$a Lidia Widia =520 ##$$a - =856 ##$$a Perpustakaan BKKBN Pusat